00325nam a2200133Ia 4500003000400000005001700004008004100021020001900062040002700081100001900108245003800127260001700165260000900182OSt20240219151043.0170523s9999 xx 000 0 und d a978-8126117222 ciimt university meerut aSUNDHARAN- KPM 0aMONEY BANKING- TRADE AND FINANCE bSULTAN CHAND c1996